000 01216nam a2200241Ia 4500
003 Ost
005 20260507075204.0
008 260507s9999||||xx |||||||||||||| ||und||
020 _a34612499579
040 _cfsecg
041 _aara
082 _a330
100 _aالزعبي، علي فلاح
_eمؤلف
245 0 _aإدارة الترويج و الاتصالات التسويقية :
_bمدخل تطبيقي-استراتيجي /
_c علي فلاح الزعبي
260 _aعمان:
_bدار الصفاء للنشر و التوزيع,
_c2009
300 _a392 صفحة؛
_c24 سم
504 _aملاحق 363ص؛صور 178ص؛
520 _aأسس و مفاهيم أولية في الترويج والاتصالات التسويقية ، العملية الترويجية ، الترويج و سلوك المستهلك الشرائي ، الببيع الشخصي ، الاعلان ، العلاقات العامة ، تنشيط المبيعات ، الدعاية التجارية و النشر التجاري ، التسويق المباشر ، الترويج الالكتروني .
653 _aالإتصالات
653 _aالترويج
653 _aالتسويق
942 _cكتاب
999 _c43420
_d43420